[Event "2nd Gujarat Open 2019"]
[Site "Ahmedabad, Gujarat"]
[Date "2019.09.23"]
[Round "2.31"]
[White "Chilukuri Sai Varshith"]
[Black "Deshmukh, Anup"]
[Result "1-0"]
[WhiteElo "1813"]
[BlackElo "2193"]
[Annotator "ChessBase"]
[PlyCount "42"]
[EventDate "2019.09.22"]
[EventCountry "IND"]
[SourceTitle "playchess.com"]
[Source "ChessBase"]
[SourceQuality "1"]
[TimeControl "5400+30"]

1. d4 {[%emt 0:00:00]} b5 {[%emt 0:00:14]} 2. e4 {[%emt 0:02:23]} Bb7 {[%emt 0:00:22]} 3. Bd3 {[%emt 0:02:12]} c5 {[%emt 0:04:04]} 4. c3 {[%emt 0:04:34]} cxd4 {[%emt 0:02:36]} 5. cxd4 {[%emt 0:00:08]} Nf6 {[%emt 0:00:14]} 6. Nd2 {[%emt 0:04:58]} Nc6 {[%emt 0:05:32]} 7. Ngf3 {[%emt 0:11:36]} Nb4 {[%emt 0:00:35]} 8. Bxb5 {[%emt 0:05:30]} Qb6 {[%emt 0:15:23]} 9. Bc4 {[%emt 0:05:12]} Nxe4 {[%emt 0:06:06]} 10. Nxe4 {[%emt 0:10:57]} Bxe4 {[%emt 0:00:12]} 11. Bxf7+ {[%emt 0:00:32]} Kxf7 {[%emt 0:01:22]} 12. Ng5+ {[%emt 0:01:14]} Ke8 {[%emt 0:01:03]} 13. Nxe4 {[%emt 0:00:24]} Qc6 {[%emt 0:00:41]} 14. Nc5 {[%emt 0:07:50]} Qxg2 {[%emt 0:01:56]} 15. Rf1 {[%emt 0:00:06]} e6 {[%emt 0:07:01]} 16. Be3 {[%emt 0:04:21]} Bxc5 {[%emt 0:02:47]} 17. dxc5 {[%emt 0:00:05]} Qe4 {[%emt 0:00:17]} 18. Kd2 {[%emt 0:04:56]} Qd3+ {[%emt 0:04:34]} 19. Kc1 {[%emt 0:00:21]} Qc4+ {[%emt 0:02:50]} 20. Kd2 {[%emt 0:00:14]} Qd3+ {[%emt 0:02:23]} 21. Kc1 {[%emt 0:01:30]} Qf5 {[%emt 0:00:16]} 1-0

[Event "2nd Gujarat Open 2019"]
[Site "Ahmedabad, Gujarat"]
[Date "2019.09.23"]
[Round "2.32"]
[White "Jain Adi"]
[Black "Patil, Pratik"]
[Result "1/2-1/2"]
[WhiteElo "1675"]
[BlackElo "2187"]
[Annotator "NA"]
[PlyCount "65"]
[EventDate "2019.09.22"]
[EventCountry "IND"]
[SourceTitle "playchess.com"]
[Source "ChessBase"]
[SourceQuality "1"]
[TimeControl "5400+30"]

1. Nf3 {[%emt 0:00:00]} Nf6 {[%emt 0:00:43]} 2. c4 {[%emt 0:00:00]} c6 {[%emt 0:01:23]} 3. Nc3 {[%emt 0:00:00]} d5 {[%emt 0:00:07]} 4. cxd5 {[%emt 0:00:08]} cxd5 {[%emt 0:00:05]} 5. d4 {[%emt 0:00:08]} g6 {[%emt 0:02:24]} 6. g3 {[%emt 0:00:09]} Bg7 {[%emt 0:00:14]} 7. Bg2 {[%emt 0:00:04]} O-O {[%emt 0:01:55]} 8. O-O {[%emt 0:00:03]} Nc6 {[%emt 0:06:32]} 9. Ne5 {[%emt 0:03:02]} Be6 {[%emt 0:02:44]} 10. Nxc6 {[%emt 0:02:05]} bxc6 {[%emt 0:00:02]} 11. Bf4 {[%emt 0:03:52]} Nd7 {[%emt 0:01:03]} 12. Na4 {[%emt 0:14:18]} Rc8 {[%emt 0:06:28]} 13. Rc1 {[%emt 0:02:31]} Qa5 14. b3 {[%emt 0:05:26]} c5 {[%emt 0:04:50]} 15. dxc5 {[%emt 0:02:11]} Nxc5 {[%emt 0:00:51]} 16. Nxc5 {[%emt 0:00:04]} Rxc5 {[%emt 0:00:06]} 17. Rxc5 {[%emt 0:04:01]} Qxc5 {[%emt 0:00:02]} 18. Qd2 {[%emt 0:05:13]} Rc8 {[%emt 0:07:05]} 19. Rc1 {[%emt 0:03:04]} Bc3 {[%emt 0:00:37]} 20. Qd3 {[%emt 0:06:18]} Qa5 {[%emt 0:03:16]} 21. Rc2 {[%emt 0:08:14]} Bf5 {[%emt 0:06:39]} 22. e4 {[%emt 0:01:00]} dxe4 {[%emt 0:00:09]} 23. Bxe4 {[%emt 0:00:09]} Rd8 {[%emt 0:00:17]} 24. Qxc3 {[%emt 0:08:22]} Bxe4 {[%emt 0:26:04]} 25. f3 {[%emt 0:05:32]} Rd1+ {[%emt 0:08:15]} 26. Kg2 {[%emt 0:01:25]} Qf5 {[%emt 0:13:27]} 27. Qc8+ {[%emt 0:07:40]} Kg7 {[%emt 0:00:02]} 28. Qxf5 {[%emt 0:01:48]} Bxf5 {[%emt 0:00:10]} 29. Rc7 {[%emt 0:00:30]} Rd7 {[%emt 0:00:50]} 30. Rxd7 {[%emt 0:00:17]} Bxd7 {[%emt 0:00:01]} 31. Be5+ {[%emt 0:00:27]} f6 {[%emt 0:00:12]} 32. Bd4 {[%emt 0:00:03]} a6 {[%emt 0:00:08]} 33. f4 {[%emt 0:00:35]} 1/2-1/2

[Event "2nd Gujarat Open 2019"]
[Site "Ahmedabad, Gujarat"]
[Date "2019.09.23"]
[Round "2.34"]
[White "Soham Datar"]
[Black "Garv Gaur"]
[Result "1-0"]
[WhiteElo "2160"]
[BlackElo "1801"]
[Annotator "NA"]
[PlyCount "77"]
[EventDate "2019.09.22"]
[EventCountry "IND"]
[SourceTitle "playchess.com"]
[Source "ChessBase"]
[SourceQuality "1"]
[TimeControl "5400+30"]

1. c4 {[%emt 0:00:00]} e6 {[%emt 0:00:00]} 2. e4 {[%emt 0:01:06]} d5 {[%emt 0:02:12]} 3. exd5 {[%emt 0:00:06]} exd5 {[%emt 0:00:05]} 4. cxd5 {[%emt 0:00:02]} Qxd5 {[%emt 0:00:48]} 5. Nc3 {[%emt 0:00:11]} Qe6+ {[%emt 0:07:54]} 6. Be2 {[%emt 0:04:41]} Nf6 {[%emt 0:03:28]} 7. Nf3 {[%emt 0:00:17]} Bd6 {[%emt 0:03:59]} 8. O-O {[%emt 0:01:10]} O-O {[%emt 0:00:54]} 9. d4 {[%emt 0:00:02]} c6 {[%emt 0:05:54]} 10. Re1 {[%emt 0:02:04]} h6 {[%emt 0:07:41]} 11. Bd3 {[%emt 0:06:35]} Qg4 {[%emt 0:04:43]} 12. Ne4 {[%emt 0:04:55]} Nxe4 {[%emt 0:05:50]} 13. Rxe4 {[%emt 0:00:05]} Qd7 {[%emt 0:02:11]} 14. Rh4 {[%emt 0:14:36]} Be7 {[%emt 0:07:53]} 15. Ne5 {[%emt 0:07:55]} Qd6 {[%emt 0:04:23]} 16. Nc4 {[%emt 0:06:40]} Qd8 {[%emt 0:04:33]} 17. Rh5 {[%emt 0:03:19]} Be6 {[%emt 0:05:40]} 18. Bxh6 {[%emt 0:05:37]} gxh6 {[%emt 0:02:10]} 19. Rxh6 {[%emt 0:00:37]} Bg5 {[%emt 0:06:43]} 20. Qh5 {[%emt 0:05:18]} Bxh6 {[%emt 0:00:28]} 21. Qxh6 {[%emt 0:00:04]} Re8 {[%emt 0:00:57]} 22. Bh7+ {[%emt 0:00:05]} Kh8 {[%emt 0:00:01]} 23. Ne5 {[%emt 0:00:43]} Qc7 {[%emt 0:05:49]} 24. Bd3+ {[%emt 0:02:19]} Kg8 {[%emt 0:00:05]} 25. Qh7+ {[%emt 0:00:03]} Kf8 {[%emt 0:00:03]} 26. Ng6+ {[%emt 0:00:02]} fxg6 {[%emt 0:00:06]} 27. Qxc7 {[%emt 0:00:02]} Nd7 {[%emt 0:01:55]} 28. Bxg6 {[%emt 0:02:08]} Re7 {[%emt 0:00:08]} 29. Qxb7 {[%emt 0:03:00]} Nb6 {[%emt 0:00:17]} 30. Qxc6 {[%emt 0:00:31]} Rc8 {[%emt 0:00:01]} 31. Qf3+ {[%emt 0:00:28]} Kg7 {[%emt 0:00:29]} 32. Bf5 {[%emt 0:01:03]} Rce8 {[%emt 0:01:05]} 33. Qg4+ {[%emt 0:01:19]} Kh8 {[%emt 0:00:01]} 34. Qh5+ {[%emt 0:00:58]} Kg8 {[%emt 0:00:06]} 35. Qg6+ {[%emt 0:00:20]} Kh8 {[%emt 0:00:28]} 36. Qf6+ {[%emt 0:00:03]} Kg8 {[%emt 0:00:04]} 37. Re1 {[%emt 0:00:17]} Nd5 {[%emt 0:00:18]} 38. Bxe6+ {[%emt 0:00:18]} Rxe6 {[%emt 0:00:11]} 39. Qxe6+ {[%emt 0:00:11]} 1-0

[Event "2nd Gujarat Open 2019"]
[Site "Ahmedabad, Gujarat"]
[Date "2019.09.23"]
[Round "2.35"]
[White "Ananya Parikh"]
[Black "Sanket Chakravarty"]
[Result "0-1"]
[WhiteElo "1499"]
[BlackElo "2158"]
[Annotator "ChessBase"]
[PlyCount "74"]
[EventDate "2019.09.22"]
[EventCountry "IND"]
[SourceTitle "playchess.com"]
[Source "ChessBase"]
[SourceQuality "1"]
[TimeControl "5400+30"]

1. e4 {[%emt 0:00:00]} c5 {[%emt 0:00:00]} 2. Nf3 {[%emt 0:00:00]} e6 {[%emt 0:00:00]} 3. d4 {[%emt 0:00:00]} cxd4 {[%emt 0:00:06]} 4. Nxd4 {[%emt 0:00:00]} Nc6 {[%emt 0:00:12]} 5. Nc3 {[%emt 0:00:00]} Nf6 {[%emt 0:00:17]} 6. Be3 {[%emt 0:01:17]} Bb4 {[%emt 0:00:58]} 7. Nxc6 {[%emt 0:03:41]} bxc6 {[%emt 0:01:22]} 8. Bd3 {[%emt 0:08:24]} d5 {[%emt 0:00:07]} 9. exd5 {[%emt 0:03:06]} cxd5 {[%emt 0:01:13]} 10. a3 {[%emt 0:04:44]} Be7 {[%emt 0:14:15]} 11. Ne2 {[%emt 0:05:50]} e5 {[%emt 0:03:01]} 12. c3 {[%emt 0:03:56]} O-O 13. h3 {[%emt 0:02:48]} Be6 {[%emt 0:15:13]} 14. Ng3 {[%emt 0:06:23]} Qd7 {[%emt 0:02:28]} 15. Qb1 {[%emt 0:05:29]} g6 {[%emt 0:09:03]} 16. b4 {[%emt 0:08:04]} Rfc8 {[%emt 0:02:25]} 17. Qb2 {[%emt 0:04:43]} Bf8 {[%emt 0:15:28]} 18. Rc1 {[%emt 0:07:35]} Rab8 {[%emt 0:07:18]} 19. O-O {[%emt 0:07:34]} Bg7 {[%emt 0:01:40]} 20. Rc2 {[%emt 0:03:29]} Ne8 {[%emt 0:01:24]} 21. Ne2 {[%emt 0:03:35]} e4 {[%emt 0:01:38]} 22. Ba6 {[%emt 0:05:42]} Rc6 {[%emt 0:00:26]} 23. b5 {[%emt 0:01:14]} Rxa6 {[%emt 0:00:19]} 24. bxa6 {[%emt 0:00:02]} Rxb2 {[%emt 0:00:34]} 25. Rxb2 {[%emt 0:00:01]} Qd6 {[%emt 0:04:02]} 26. Rfb1 {[%emt 0:02:35]} Be5 {[%emt 0:01:45]} 27. Bxa7 {[%emt 0:07:25]} Qxa6 {[%emt 0:00:19]} 28. Bc5 {[%emt 0:00:40]} Kg7 {[%emt 0:01:32]} 29. Nd4 {[%emt 0:01:14]} Nc7 {[%emt 0:06:14]} 30. Rb8 {[%emt 0:02:31]} h5 {[%emt 0:01:01]} 31. Bf8+ {[%emt 0:01:46]} Kh7 {[%emt 0:00:14]} 32. h4 {[%emt 0:01:22]} Qd3 {[%emt 0:00:58]} 33. R8b4 {[%emt 0:00:43]} Qxc3 {[%emt 0:00:57]} 34. Ne2 {[%emt 0:00:29]} Qd2 {[%emt 0:00:30]} 35. Ng3 {[%emt 0:00:25]} e3 {[%emt 0:00:35]} 36. Nf1 {[%emt 0:00:40]} Qxf2+ {[%emt 0:00:08]} 37. Kh1 {[%emt 0:00:13]} e2 {[%emt 0:00:01]} 0-1

[Event "2nd Gujarat Open 2019"]
[Site "Ahmedabad, Gujarat"]
[Date "2019.09.23"]
[Round "2.35"]
[White "Ananya Parikh"]
[Black "Sanket Chakravarty"]
[Result "*"]
[WhiteElo "1499"]
[BlackElo "2158"]
[Annotator "ChessBase"]
[PlyCount "48"]
[EventDate "2019.09.22"]
[EventCountry "IND"]
[SourceTitle "playchess.com"]
[Source "ChessBase"]
[SourceQuality "1"]
[TimeControl "5400+30"]

1. e4 {[%emt 0:00:00]} e6 {[%emt 0:01:21]} 2. d4 {[%emt 0:00:04]} d5 {[%emt 0:00:33]} 3. e5 {[%emt 0:00:26]} c5 {[%emt 0:00:31]} 4. Nf3 {[%emt 0:00:48]} Nc6 {[%emt 0:00:46]} 5. Bd3 {[%emt 0:00:35]} cxd4 {[%emt 0:08:14]} 6. O-O {[%emt 0:00:35]} Nge7 {[%emt 0:00:53]} 7. Re1 {[%emt 0:04:25]} Ng6 {[%emt 0:05:08]} 8. a3 {[%emt 0:04:13]} a5 {[%emt 0:03:20]} 9. g3 {[%emt 0:13:51]} Qc7 {[%emt 0:04:34]} 10. Qe2 {[%emt 0:01:19]} Bc5 {[%emt 0:00:44]} 11. Nbd2 {[%emt 0:05:08]} Nge7 {[%emt 0:02:24]} 12. Nf1 {[%emt 0:01:22]} Bd7 {[%emt 0:04:30]} 13. Bd2 {[%emt 0:03:03]} Rc8 {[%emt 0:25:57]} 14. h4 {[%emt 0:07:34]} h6 {[%emt 0:03:25]} 15. N1h2 {[%emt 0:04:38]} Rb8 {[%emt 0:08:31]} 16. h5 {[%emt 0:10:13]} Rf8 {[%emt 0:17:44]} 17. Nh4 {[%emt 0:05:11]} f5 {[%emt 0:04:18]} 18. Ng2 {[%emt 0:04:23]} Kd8 {[%emt 0:03:01]} 19. Nh4 {[%emt 0:00:43]} Ke8 {[%emt 0:00:09]} 20. Ng2 {[%emt 0:00:28]} Kd8 {[%emt 0:00:27]} 21. Nh4 {[%emt 0:00:04]} Ke8 {[%emt 0:00:55]} 22. Ng2 {[%emt 0:00:03]} Kd8 {[%emt 0:03:35]} 23. Nh4 Ke8 24. Ng2 Kd8 {[%emt 0:00:00]} *

[Event "2nd Gujarat Open 2019"]
[Site "Ahmedabad, Gujarat"]
[Date "2019.09.23"]
[Round "2.36"]
[White "Zia, Tahsin Tajwar"]
[Black "Phatak Aanjaneya"]
[Result "1-0"]
[WhiteElo "2142"]
[BlackElo "1663"]
[Annotator "ChessBase"]
[PlyCount "93"]
[EventDate "2019.09.22"]
[EventCountry "IND"]
[SourceTitle "playchess.com"]
[Source "ChessBase"]
[SourceQuality "1"]
[TimeControl "5400+30"]

1. Nf3 {[%emt 0:00:00]} Nf6 2. g3 {[%emt 0:00:30]} d5 {[%emt 0:00:30]} 3. Bg2 {[%emt 0:00:30]} e6 {[%emt 0:00:30]} 4. c4 {[%emt 0:00:30]} dxc4 {[%emt 0:00:30]} 5. O-O {[%emt 0:00:00]} Be7 {[%emt 0:00:28]} 6. Qc2 {[%emt 0:00:27]} Bd7 {[%emt 0:03:00]} 7. Ne5 {[%emt 0:01:36]} Qc8 {[%emt 0:00:19]} 8. Qxc4 {[%emt 0:00:22]} c5 {[%emt 0:00:21]} 9. b3 {[%emt 0:02:44]} Nc6 {[%emt 0:01:35]} 10. Nxd7 {[%emt 0:02:30]} Qxd7 {[%emt 0:00:04]} 11. Bb2 {[%emt 0:00:37]} Nd4 {[%emt 0:00:49]} 12. Kh1 {[%emt 0:03:39]} O-O {[%emt 0:01:34]} 13. e3 {[%emt 0:01:35]} Nf5 {[%emt 0:02:10]} 14. Rd1 {[%emt 0:01:36]} b5 {[%emt 0:04:42]} 15. Qe2 {[%emt 0:00:30]} Rac8 {[%emt 0:00:30]} 16. d4 {[%emt 0:00:30]} cxd4 {[%emt 0:00:30]} 17. e4 {[%emt 0:05:38]} Nh6 {[%emt 0:01:32]} 18. Bxd4 {[%emt 0:02:08]} Qb7 {[%emt 0:05:27]} 19. Nc3 {[%emt 0:02:39]} a6 {[%emt 0:06:10]} 20. e5 {[%emt 0:00:30]} Nd5 {[%emt 0:00:30]} 21. Nxd5 {[%emt 0:01:06]} exd5 {[%emt 0:21:21]} 22. e6 {[%emt 0:00:30]} Rcd8 {[%emt 0:00:30]} 23. exf7+ {[%emt 0:01:49]} Rxf7 {[%emt 0:13:53]} 24. f4 {[%emt 0:00:30]} Nf5 {[%emt 0:00:30]} 25. Be5 {[%emt 0:00:30]} Bf6 {[%emt 0:00:30]} 26. Bxf6 {[%emt 0:00:30]} Rxf6 {[%emt 0:00:30]} 27. Bxd5+ {[%emt 0:00:30]} Rxd5 {[%emt 0:00:30]} 28. Qe8+ {[%emt 0:00:30]} Rf8 {[%emt 0:00:30]} 29. Qe6+ {[%emt 0:00:30]} Kh8 {[%emt 0:00:30]} 30. Qxd5 {[%emt 0:00:30]} Qb6 {[%emt 0:00:30]} 31. Qf3 {[%emt 0:00:30]} h6 {[%emt 0:00:30]} 32. Rd3 {[%emt 0:00:30]} Qf6 {[%emt 0:00:30]} 33. Rad1 {[%emt 0:00:30]} Re8 {[%emt 0:00:30]} 34. g4 {[%emt 0:00:30]} Nh4 {[%emt 0:00:30]} 35. Qf2 {[%emt 0:00:30]} g5 {[%emt 0:00:30]} 36. Rd6 {[%emt 0:00:30]} Re6 {[%emt 0:00:30]} 37. Rxe6 {[%emt 0:00:30]} Qxe6 {[%emt 0:00:30]} 38. Rd8+ {[%emt 0:17:13]} Kh7 {[%emt 0:09:51]} 39. Qa7+ {[%emt 0:02:59]} Kg6 {[%emt 0:00:10]} 40. f5+ {[%emt 0:00:33]} Nxf5 {[%emt 0:00:06]} 41. gxf5+ {[%emt 0:00:08]} Qxf5 {[%emt 0:00:04]} 42. Rd6+ {[%emt 0:02:23]} Kh5 {[%emt 0:00:08]} 43. Qe3 {[%emt 0:00:10]} Qf1+ {[%emt 0:04:04]} 44. Qg1 {[%emt 0:00:02]} Qf4 {[%emt 0:00:19]} 45. Qd1+ {[%emt 0:00:40]} g4 {[%emt 0:00:22]} 46. Rd5+ {[%emt 0:00:27]} Kg6 {[%emt 0:00:41]} 47. Qd3+ {[%emt 0:00:21]} 1-0

[Event "2nd Gujarat Open 2019"]
[Site "Ahmedabad, Gujarat"]
[Date "2019.09.23"]
[Round "3.1"]
[White "Srihari L R"]
[Black "Rozum, Ivan"]
[Result "0-1"]
[WhiteElo "2283"]
[BlackElo "2596"]
[Annotator "ChessBase"]
[PlyCount "78"]
[EventDate "2019.09.22"]
[EventCountry "IND"]
[SourceTitle "playchess.com"]
[Source "ChessBase"]
[SourceQuality "1"]
[TimeControl "5400+30"]

1. Nf3 {[%emt 0:00:00]} d6 {[%emt 0:00:00]} 2. c4 {[%emt 0:00:30]} e5 {[%emt 0:00:30]} 3. d4 {[%emt 0:00:30]} e4 {[%emt 0:00:30]} 4. Ng5 {[%emt 0:00:30]} f5 {[%emt 0:08:52]} 5. Nc3 {[%emt 0:01:15]} Be7 {[%emt 0:00:30]} 6. Nh3 {[%emt 0:00:30]} Nf6 {[%emt 0:00:30]} 7. g3 {[%emt 0:00:30]} O-O {[%emt 0:00:30]} 8. Bg2 {[%emt 0:00:30]} c6 {[%emt 0:01:22]} 9. Bg5 {[%emt 0:11:20]} Be6 {[%emt 0:01:59]} 10. d5 {[%emt 0:12:06]} Bf7 {[%emt 0:00:30]} 11. O-O {[%emt 0:00:30]} Na6 {[%emt 0:00:30]} 12. Be3 {[%emt 0:00:30]} Nc7 {[%emt 0:11:34]} 13. Ng5 {[%emt 0:11:28]} Bh5 {[%emt 0:02:09]} 14. f3 {[%emt 0:10:53]} Kh8 {[%emt 0:04:55]} 15. Kh1 {[%emt 0:06:02]} Nd7 {[%emt 0:00:30]} 16. Qd2 {[%emt 0:00:30]} Nb6 {[%emt 0:00:30]} 17. b3 {[%emt 0:00:30]} exf3 {[%emt 0:00:30]} 18. Nxf3 {[%emt 0:00:30]} cxd5 {[%emt 0:13:09]} 19. cxd5 {[%emt 0:16:19]} Bf7 {[%emt 0:00:30]} 20. Ng5 {[%emt 0:00:30]} Bg8 {[%emt 0:00:30]} 21. Nh3 {[%emt 0:00:30]} Bf6 {[%emt 0:00:30]} 22. Bd4 {[%emt 0:00:30]} Nbxd5 {[%emt 0:00:30]} 23. Bxf6 {[%emt 0:00:30]} Nxf6 {[%emt 0:00:30]} 24. Rxf5 {[%emt 0:00:30]} Qd7 {[%emt 0:00:30]} 25. Rff1 {[%emt 0:00:30]} d5 {[%emt 0:00:30]} 26. Rad1 {[%emt 0:00:30]} Rad8 {[%emt 0:00:30]} 27. Qd4 {[%emt 0:00:30]} b6 {[%emt 0:00:30]} 28. Nf4 {[%emt 0:00:30]} Qe7 {[%emt 0:00:30]} 29. Rd3 {[%emt 0:00:30]} Rde8 {[%emt 0:00:30]} 30. Rdf3 {[%emt 0:00:30]} Bf7 {[%emt 0:00:30]} 31. Nd3 {[%emt 0:00:30]} Ne6 {[%emt 0:00:30]} 32. Qh4 {[%emt 0:00:30]} d4 {[%emt 0:00:30]} 33. Ne4 {[%emt 0:00:30]} Nxe4 {[%emt 0:35:24]} 34. Qxe4 {[%emt 0:23:55]} Bg8 {[%emt 0:02:27]} 35. Rxf8 {[%emt 0:00:57]} Rxf8 {[%emt 0:00:30]} 36. Nf4 {[%emt 0:00:30]} Rf6 {[%emt 0:00:30]} 37. Rc1 {[%emt 0:00:30]} Qa3 {[%emt 0:00:30]} 38. Rc8 {[%emt 0:00:30]} Rf8 {[%emt 0:00:30]} 39. Rxf8 {[%emt 0:00:30]} Qc1+ {[%emt 0:00:30]} 0-1

[Event "2nd Gujarat Open 2019"]
[Site "Ahmedabad, Gujarat"]
[Date "2019.09.23"]
[Round "3.2"]
[White "Sarwat, Walaa"]
[Black "Chanda, Sandipan"]
[Result "0-1"]
[WhiteElo "2236"]
[BlackElo "2529"]
[Annotator "ChessBase"]
[PlyCount "80"]
[EventDate "2019.09.22"]
[EventCountry "IND"]
[SourceTitle "playchess.com"]
[Source "ChessBase"]
[SourceQuality "1"]
[TimeControl "5400+30"]

1. e4 {[%emt 0:06:30]} c5 {[%emt 0:00:06]} 2. Nf3 {[%emt 0:00:40]} d6 {[%emt 0:00:10]} 3. d4 {[%emt 0:01:41]} cxd4 {[%emt 0:00:09]} 4. Qxd4 {[%emt 0:00:58]} Nf6 {[%emt 0:00:09]} 5. Nc3 {[%emt 0:00:35]} Nc6 {[%emt 0:00:11]} 6. Bb5 {[%emt 0:00:19]} Bd7 {[%emt 0:00:08]} 7. Bxc6 {[%emt 0:03:30]} Bxc6 {[%emt 0:00:10]} 8. Bg5 {[%emt 0:01:24]} e6 {[%emt 0:00:10]} 9. O-O-O {[%emt 0:01:05]} Be7 {[%emt 0:00:09]} 10. Rhe1 {[%emt 0:01:01]} O-O {[%emt 0:00:24]} 11. Kb1 {[%emt 0:00:26]} h6 {[%emt 0:00:37]} 12. Bh4 {[%emt 0:05:01]} Re8 {[%emt 0:00:28]} 13. Bg3 {[%emt 0:02:29]} d5 {[%emt 0:00:24]} 14. Ne5 {[%emt 0:02:57]} Qa5 {[%emt 0:05:39]} 15. exd5 {[%emt 0:04:18]} Bxd5 {[%emt 0:06:55]} 16. Nxd5 {[%emt 0:06:28]} Nxd5 {[%emt 0:00:16]} 17. c4 {[%emt 0:06:59]} Nf6 {[%emt 0:03:43]} 18. Qe3 {[%emt 0:03:24]} Rad8 {[%emt 0:05:16]} 19. a3 {[%emt 0:03:46]} Rxd1+ {[%emt 0:28:57]} 20. Rxd1 {[%emt 0:00:53]} Qa4 {[%emt 0:00:28]} 21. Qf3 {[%emt 0:03:10]} b5 {[%emt 0:02:12]} 22. cxb5 {[%emt 0:04:12]} Qxb5 {[%emt 0:03:43]} 23. Qc6 {[%emt 0:05:03]} Rb8 {[%emt 0:00:19]} 24. Qxb5 {[%emt 0:00:26]} Rxb5 {[%emt 0:00:05]} 25. Nc4 {[%emt 0:03:54]} Nd5 {[%emt 0:01:54]} 26. Kc2 {[%emt 0:01:54]} Bf6 {[%emt 0:02:32]} 27. b4 {[%emt 0:01:31]} h5 {[%emt 0:01:09]} 28. Bd6 {[%emt 0:00:52]} Nc3 {[%emt 0:09:28]} 29. Re1 {[%emt 0:02:03]} Rf5 {[%emt 0:02:54]} 30. Be5 {[%emt 0:02:43]} Nb5 {[%emt 0:01:06]} 31. f4 {[%emt 0:03:42]} Bxe5 {[%emt 0:01:16]} 32. Rxe5 {[%emt 0:02:06]} Rxf4 {[%emt 0:00:12]} 33. Rxb5 {[%emt 0:00:35]} Rxc4+ {[%emt 0:00:03]} 34. Kb3 {[%emt 0:01:52]} Rg4 {[%emt 0:00:40]} 35. Rxh5 {[%emt 0:01:18]} Rxg2 {[%emt 0:00:07]} 36. b5 {[%emt 0:03:10]} f5 {[%emt 0:01:35]} 37. a4 {[%emt 0:01:20]} f4 {[%emt 0:02:44]} 38. a5 {[%emt 0:02:16]} f3 {[%emt 0:01:11]} 39. Rh3 {[%emt 0:00:10]} f2 {[%emt 0:00:28]} 40. Rf3 {[%emt 0:00:09]} Rxh2 {[%emt 0:00:22]} 0-1

[Event "2nd Gujarat Open 2019"]
[Site "Ahmedabad, Gujarat"]
[Date "2019.09.23"]
[Round "3.3"]
[White "Ziatdinov, Raset"]
[Black "Saptarshi, Roy"]
[Result "0-1"]
[WhiteElo "2222"]
[BlackElo "2480"]
[Annotator "TA"]
[PlyCount "76"]
[EventDate "2019.09.22"]
[EventCountry "IND"]
[SourceTitle "playchess.com"]
[Source "ChessBase"]
[SourceQuality "1"]

{[%evp 27,76,59,60,30,70,59,65,71,82,65,99,106,95,98,121,112,120,31,36,0,0,0,0,-9,-10,-48,-45,-38,-35,-44,-22,-39,-48,-40,0,-407,-406,-404,-407,-372,-359,-1045,-1050,-1690,-1612,-29989,-29990,-29993,-29994,-29995,-29996]} 1. e4 e5 2. Nf3 Nc6 3. Bc4 Nf6 4. d4 exd4 5. e5 d5 6. Bb5 Ne4 7. Nxd4 Bd7 8. Bxc6 bxc6 9. O-O Bc5 10. Be3 Qe7 11. f3 Ng5 12. f4 Ne4 13. Nd2 Nxd2 14. Qxd2 O-O 15. Rae1 {C56: Two Knights: 4 d4 exd4 5 0-0 Nxe4} Bb6 16. Nb3 (16. f5 Qxe5 17. Nxc6 Qd6 18. Bxb6 Qxc6 19. Ba5 Rfe8 20. Rd1 Re5 21. f6 Rae8 22. Bc3 Rh5 23. fxg7 {1-0 (33) Jones,G (2623)-Pedersen,C (2418) Denmark 2015}) 16... Bf5 17. Qc3 {White is slightly better.} Qd7 18. Bc5 Rfe8 19. Nd4 Rab8 20. b4 Be4 $146 ({Predecessor:} 20... Bxc5 21. Qxc5 {1-0 (35) Peng,L (2442)-Etchegaray,P (2325) Mont de Marsan 2018}) 21. Rf2 Ra8 22. a4 (22. Nb3 $16) 22... a5 $14 {White must now prevent ...axb4.} 23. Nb3 {[%cal Rb4a5]} axb4 24. Qxb4 Reb8 {Threatens to win with ...Ba5.} 25. Qd4 Qf5 26. Rc1 (26. a5 $5 Bxa5 27. Ra1 $15) 26... h5 27. c3 h4 28. Qd1 Qg6 29. Ra1 h3 {Strongly threatening ...Rxa4!} 30. g3 Bd3 $40 {[%mdl 128] Black is up to no good.} 31. a5 $2 {[%mdl 8192] [#]} (31. Bxb6 $11 cxb6 32. Nd4) 31... Rxa5 $3 $19 {[%mdl 512]} 32. Bxb6 ({Don't play} 32. Rxa5 Bxa5 33. Ba7 (33. Nxa5 $2 Rb1 $19) 33... Rb5 $19) 32... Rxa1 33. Qxa1 Rxb6 34. Qa8+ $2 (34. Nd2) 34... Kh7 {( -> ...Qe4)} 35. Nd2 {[#]} Qg4 $1 36. Qd8 {[#]} Rb1+ $1 {[%mdl 512] Black mates.} 37. Nf1 {[#]} (37. Nxb1 Qd1+) 37... f6 $1 {[%mdl 512]} 38. Qe8 {[#]} (38. exf6 Qd1) 38... Qd1 $1 {Accuracy: White = 41%, Black = 56%.} 0-1

[Event "2nd Gujarat Open 2019"]
[Site "Ahmedabad, Gujarat"]
[Date "2019.09.23"]
[Round "3.4"]
[White "Gandhi, Anish"]
[Black "Nguyen, Van Huy"]
[Result "0-1"]
[WhiteElo "2201"]
[BlackElo "2454"]
[Annotator "ChessBase"]
[PlyCount "78"]
[EventDate "2019.09.22"]
[EventCountry "IND"]
[SourceTitle "playchess.com"]
[Source "ChessBase"]
[SourceQuality "1"]
[TimeControl "5400+30"]

1. Nf3 {[%emt 0:00:00]} Nf6 {[%emt 0:00:00]} 2. g3 {[%emt 0:00:00]} d5 {[%emt 0:00:26]} 3. Bg2 {[%emt 0:00:02]} c6 {[%emt 0:00:17]} 4. O-O {[%emt 0:00:20]} Bg4 {[%emt 0:00:24]} 5. h3 {[%emt 0:01:40]} Bh5 {[%emt 0:00:48]} 6. d4 {[%emt 0:04:45]} Nbd7 {[%emt 0:01:39]} 7. c4 {[%emt 0:02:31]} e6 {[%emt 0:00:27]} 8. Qb3 {[%emt 0:01:54]} Qb6 {[%emt 0:01:18]} 9. Qxb6 {[%emt 0:10:35]} axb6 {[%emt 0:02:04]} 10. cxd5 {[%emt 0:01:12]} exd5 {[%emt 0:00:50]} 11. Bf4 {[%emt 0:01:08]} Be7 {[%emt 0:02:05]} 12. Nc3 {[%emt 0:00:20]} O-O {[%emt 0:00:49]} 13. g4 {[%emt 0:05:34]} Bg6 {[%emt 0:00:39]} 14. Bg3 {[%emt 0:03:06]} b5 {[%emt 0:03:06]} 15. a3 {[%emt 0:01:26]} Ne4 {[%emt 0:03:23]} 16. Nxe4 {[%emt 0:07:10]} Bxe4 {[%emt 0:00:38]} 17. Ne5 {[%emt 0:01:08]} Bxg2 {[%emt 0:01:24]} 18. Kxg2 {[%emt 0:00:02]} Nxe5 {[%emt 0:03:55]} 19. Bxe5 {[%emt 0:01:06]} Ra4 {[%emt 0:00:30]} 20. Rfd1 {[%emt 0:07:19]} Rfa8 {[%emt 0:01:37]} 21. f3 {[%emt 0:03:08]} b4 {[%emt 0:04:38]} 22. e4 {[%emt 0:00:51]} f6 {[%emt 0:02:25]} 23. Bg3 {[%emt 0:01:21]} bxa3 {[%emt 0:02:43]} 24. bxa3 {[%emt 0:00:06]} Rd8 {[%emt 0:00:56]} 25. e5 {[%emt 0:15:53]} Rda8 {[%emt 0:04:32]} 26. f4 {[%emt 0:06:42]} fxe5 {[%emt 0:02:07]} 27. dxe5 {[%emt 0:00:17]} Rxa3 {[%emt 0:00:22]} 28. Rxa3 {[%emt 0:01:04]} Rxa3 {[%emt 0:00:10]} 29. f5 {[%emt 0:00:06]} b5 {[%emt 0:00:26]} 30. h4 {[%emt 0:01:11]} h6 {[%emt 0:00:19]} 31. Rf1 {[%emt 0:01:55]} Kf7 {[%emt 0:09:05]} 32. f6 {[%emt 0:00:58]} gxf6 {[%emt 0:00:22]} 33. exf6 {[%emt 0:00:04]} Bf8 {[%emt 0:00:39]} 34. g5 {[%emt 0:01:47]} h5 {[%emt 0:01:12]} 35. Be5 {[%emt 0:06:19]} c5 {[%emt 0:01:04]} 36. Rf3 {[%emt 0:01:05]} b4 {[%emt 0:02:10]} 37. Rg3 {[%emt 0:05:22]} Rxg3+ {[%emt 0:03:13]} 38. Kxg3 {[%emt 0:00:05]} d4 {[%emt 0:00:08]} 39. Kf4 {[%emt 0:00:04]} Kg6 {[%emt 0:00:10]} 0-1